Коллоидная химия: учебное пособие
| Údar corparáideach: | |
|---|---|
| Rannpháirtithe: | , , , |
| Achoimre: | Заглавие с титульного экрана Электронная версия печатной публикации Пособие является основой для самостоятельной работы студентов химических и экологических специальностей и направлений, полезно для студентов других специальностей, магистрантов и аспирантов. Материал в представлен в 9 главах по основным разделам дисциплины, в каждой главе приведены решения типовых задач и вопросы для контроля и самоконтроля. Предназначено для освоения теоретического и практического ма териала по дисциплине "Коллоидная химия" для студентов химических и экологических специальностей и направлений очной и заочной форм обучения. Режим доступа: из корпоративной сети ТПУ |
| Teanga: | Rúisis |
| Foilsithe / Cruthaithe: |
Томск, Изд-во ТПУ, 2011
|
| Ábhair: | |
| Rochtain ar líne: | http://www.lib.tpu.ru/fulltext2/m/2012/m214.pdf |
| Formáid: | Leictreonach LEABHAR |
| KOHA link: | https://koha.lib.tpu.ru/cgi-bin/koha/opac-detail.pl?biblionumber=215488 |
MARC
| LEADER | 00000nlm0a2200000 4500 | ||
|---|---|---|---|
| 001 | 215488 | ||
| 005 | 20240215090405.0 | ||
| 035 | |a (RuTPU)RU\TPU\book\235412 | ||
| 090 | |a 215488 | ||
| 100 | |a 20120512d2011 m y0rusy50 ca | ||
| 101 | 0 | |a rus | |
| 102 | |a RU | ||
| 105 | |a a j 001zy | ||
| 135 | |a drcn ---uucaa | ||
| 181 | 0 | |a i | |
| 182 | 0 | |a b | |
| 200 | 1 | |a Коллоидная химия |e учебное пособие |f Е. В. Михеева [и др.] |g Национальный исследовательский Томский политехнический университет (ТПУ) | |
| 203 | |a Текст |c электронный | ||
| 210 | |a Томск |c Изд-во ТПУ |d 2011 | ||
| 300 | |a Заглавие с титульного экрана | ||
| 300 | |a Электронная версия печатной публикации | ||
| 330 | |a Пособие является основой для самостоятельной работы студентов химических и экологических специальностей и направлений, полезно для студентов других специальностей, магистрантов и аспирантов. Материал в представлен в 9 главах по основным разделам дисциплины, в каждой главе приведены решения типовых задач и вопросы для контроля и самоконтроля. Предназначено для освоения теоретического и практического ма териала по дисциплине "Коллоидная химия" для студентов химических и экологических специальностей и направлений очной и заочной форм обучения. | ||
| 333 | |a Режим доступа: из корпоративной сети ТПУ | ||
| 337 | |a Adobe Reader | ||
| 452 | 1 | |0 (RuTPU)RU\TPU\book\229371 |t Коллоидная химия |o учебное пособие |f Е. В. Михеева [и др.] |g Национальный исследовательский Томский политехнический университет (ТПУ) |c Томск |n Изд-во ТПУ |d 2011 |p 204 с. | |
| 606 | 1 | |a Коллоидная химия |2 stltpush |3 (RuTPU)RU\TPU\subj\68635 |9 83831 | |
| 610 | 1 | |a электронный ресурс | |
| 610 | 1 | |a труды учёных ТПУ | |
| 610 | 1 | |a учебные пособия | |
| 610 | 1 | |a дисперсные системы | |
| 610 | 1 | |a поверхностные явления | |
| 610 | 1 | |a термодинамика | |
| 610 | 1 | |a адсорбция | |
| 610 | 1 | |a твердое тело-газ | |
| 610 | 1 | |a твердое тело-раствор | |
| 610 | 1 | |a жидкость-газ | |
| 610 | 1 | |a электрические свойства | |
| 610 | 1 | |a устойчивость | |
| 610 | 1 | |a коагуляция | |
| 610 | 1 | |a структурно-механические свойства | |
| 610 | 1 | |a оптические свойства | |
| 610 | 1 | |a молекулярно-кинетические свойства | |
| 610 | 1 | |a коллоидная химия | |
| 675 | |a 544.7(075.8) |v 3 | ||
| 701 | 1 | |a Михеева |b Е. В. |c химик |c доцент Томского политехнического университета, кандидат химических наук |f 1973- |g Елена Валентиновна |3 (RuTPU)RU\TPU\pers\27493 |9 12747 | |
| 701 | 1 | |a Карбаинова |b С. Н. |c химик |c доцент Томского политехнического университета |g Светлана Никитична |3 (RuTPU)RU\TPU\pers\27754 | |
| 701 | 1 | |a Пикула |b Н. П. |c химик |c доцент Томского политехнического университета, кандидат химических наук |f 1949- |g Нина Павловна |3 (RuTPU)RU\TPU\pers\25622 |9 11551 | |
| 701 | 1 | |a Асташкина |b А. П. |c химик |c доцент Томского политехнического университета, кандидат химических наук |f 1984- |g Анна Павловна |3 (RuTPU)RU\TPU\pers\28329 |9 13238 | |
| 712 | 0 | 2 | |a Национальный исследовательский Томский политехнический университет (ТПУ) |c (2009- ) |3 (RuTPU)RU\TPU\col\15902 |
| 801 | 1 | |a RU |b 63413507 |c 20120512 | |
| 856 | 4 | |u http://www.lib.tpu.ru/fulltext2/m/2012/m214.pdf | |
| 942 | |c CF | ||